Quality of Care for PTSD and Depression in the Military Health System (Record no. 352453)
[ view plain ]
| 000 -LEADER | |
|---|---|
| fixed length control field | 00941nam a2200133Ia 4500 |
| 008 - FIXED-LENGTH DATA ELEMENTS--GENERAL INFORMATION | |
| fixed length control field | 171212s9999 xx 000 0 und d |
| 020 ## - INTERNATIONAL STANDARD BOOK NUMBER | |
| International Standard Book Number | 9780833090492 |
| 100 ## - MAIN ENTRY--PERSONAL NAME | |
| Personal name | Hepner, Kimberly A.;Sloss, Elizabeth M.;Roth, Carol P.;Krull, Heather;Paddock, Susan M.;Moen, Shaela;Timmer, Martha J.;Pincus, Harold Alan |
| 245 ## - TITLE STATEMENT | |
| Statement of responsibility, etc | Hepner, Kimberly A.;Sloss, Elizabeth M.;Roth, Carol P.;Krull, Heather;Paddock, Susan M.;Moen, Shaela;Timmer, Martha J.;Pincus, Harold Alan |
| Title | Quality of Care for PTSD and Depression in the Military Health System |
| Remainder of title | Phase I Report |
| 260 ## - PUBLICATION, DISTRIBUTION, ETC. (IMPRINT) | |
| Name of publisher, distributor, etc | RAND Corporation |
| Date of publication, distribution, etc | 2012 |
| 650 ## - SUBJECT ADDED ENTRY--TOPICAL TERM | |
| Topical term or geographic name as entry element | Health Sciences |
| 650 ## - SUBJECT ADDED ENTRY--TOPICAL TERM | |
| Topical term or geographic name as entry element | Medicine, Military -- United States -- Evaluation; United States -- Armed Forces -- Medical care -- Evaluation; Post-traumatic stress disorder -- Treatment -- United States; Depression, Mental -- Treatment -- United States -- Evaluation; Soldiers -- Menta |
| 856 ## - ELECTRONIC LOCATION AND ACCESS | |
| Uniform Resource Identifier | <a href="http://jstor.org/stable/10.7249/j.ctt1b3h9mp">http://jstor.org/stable/10.7249/j.ctt1b3h9mp</a> |
| Withdrawn status | Lost status | Damaged status | Home library | Current library | Date acquired | Total Checkouts | Full call number | Date last seen | Price effective from | Koha item type |
|---|---|---|---|---|---|---|---|---|---|---|
| College Library | College Library | 12/12/2017 | UH223 .H46 2015 | 12/12/2017 | 12/12/2017 | Curriculum - Based eBooks |